মহাবিশ্বে মানুষ ও ধর্ম/ (Record no. 18721)
[ view plain ]
| 000 -LEADER | |
|---|---|
| fixed length control field | 01021nam a22002177a 4500 |
| 003 - CONTROL NUMBER IDENTIFIER | |
| control field | BDDh-ASL |
| 005 - DATE AND TIME OF LATEST TRANSACTION | |
| control field | 20231015025727.0 |
| 008 - FIXED-LENGTH DATA ELEMENTS--GENERAL INFORMATION | |
| fixed length control field | 201022s1999 b ||||| |||| 00| 0 b d |
| 040 ## - CATALOGING SOURCE | |
| Original cataloging agency | BDDh-ASL |
| Transcribing agency | BDDh-ASL |
| Modifying agency | BDDh-ASL |
| 041 ## - LANGUAGE CODE | |
| Language code of text/sound track or separate title | ben |
| 082 ## - DEWEY DECIMAL CLASSIFICATION NUMBER | |
| Classification number | 299 |
| Item number | MAM |
| 100 1# - MAIN ENTRY--PERSONAL NAME | |
| Personal name | মন্ডল, নরেন্দ্র কুমার |
| 9 (RLIN) | 1592 |
| 245 10 - TITLE STATEMENT | |
| Title | মহাবিশ্বে মানুষ ও ধর্ম/ |
| Statement of responsibility, etc. | নরেন্দ্র কুমার মন্ডল। |
| 246 ## - VARYING FORM OF TITLE | |
| Title proper/short title | Mohabisse Manush o Dharmo |
| 260 ## - PUBLICATION, DISTRIBUTION, ETC. | |
| Place of publication, distribution, etc. | ঢাকা: |
| Name of publisher, distributor, etc. | অনিত্য, |
| Date of publication, distribution, etc. | ১৯৯৯। |
| 300 ## - PHYSICAL DESCRIPTION | |
| Extent | পৃ.১৪২: |
| Dimensions | ২২ সে.মি.। |
| 504 ## - BIBLIOGRAPHY, ETC. NOTE | |
| Bibliography, etc. note | নির্ঘন্ট সংযুক্ত। |
| 650 #0 - SUBJECT ADDED ENTRY--TOPICAL TERM | |
| 9 (RLIN) | 1593 |
| Topical term or geographic name entry element | অন্যান্য ধর্ম |
| 650 #0 - SUBJECT ADDED ENTRY--TOPICAL TERM | |
| Topical term or geographic name entry element | মহাবিশ্ব, Universe, Mahābiśba, cosmos মহাবিশ্ব, মহাজগৎ, বিশ্বব্যাপী, বিপুল, the Creation মহাবিশ্ব, জগৎ |
| 9 (RLIN) | 1594 |
| 942 ## - ADDED ENTRY ELEMENTS (KOHA) | |
| Source of classification or shelving scheme | Dewey Decimal Classification |
| Koha item type | Books |
| Withdrawn status | Lost status | Source of classification or shelving scheme | Damaged status | Not for loan | Collection code | Home library | Current library | Shelving location | Date acquired | Source of acquisition | Total Checkouts | Full call number | Barcode | Date last seen | Copy number | Price effective from | Koha item type | Public note |
|---|---|---|---|---|---|---|---|---|---|---|---|---|---|---|---|---|---|---|
| Dewey Decimal Classification | Non-fiction | Asiatic Society Library | Asiatic Society Library | General Stacks | 10/22/2020 | Complementary | 299 MAM | 101936 | 10/22/2020 | C-1 | 10/22/2020 | Books | ||||||
| Dewey Decimal Classification | Non-fiction | Asiatic Society Library | Asiatic Society Library | General Stacks | 04/06/2023 | ASB Library Collection | 299 MAM | 120462 | 04/06/2023 | C-2 | 04/06/2023 | Books | Y-1999 |